Statistiques concernant Culture Générale - Série 1402

Cliquez ici pour prendre le quiz!

Statistiques générales

  • Ce quiz a été pris 76 fois
  • Le résultat moyen est 6 sur 10

Statistiques - réponses

QuestionRéponse% Correct
En cuisine, qu'est-ce qui peut être fleurette, anglaise ou fouettée ?crème
100%
Quel massif montagneux d'Afrique du Nord porte un nom synonyme de "recueil de cartes géographiques" ?Atlas
87%
Quel chanteur français est le numéro 1 en 1965 avec la chanson "Aline" ?Christophe
81%
En juillet 2010, quelle capitale européenne a lancé son système de location de vélos en libre-service ?Londres
71%
De quel fleuve américain, le Missouri est-il un affluent ?Mississippi
63%
En 1668, quel artiste néerlandais a peint "L'Astronome", propriété du musée du Louvre depuis 1983 ?Johannes Vermeer
46%
En 1999, Pedro Almodovar sort le film intitulé : "Tout sur...ma mère
44%
Quel chanteur interprète “La Boîte de jazz” en 1985 ?Michel Jonasz
43%
Quel cinéaste britannique a réalisé le film : "Gladiator", sorti en 2000 ?Ridley Scott
23%
Dans le sigle du vaccin "B.C.G.", de quel médecin français le "C" est-il l'initiale ?Albert Calmette
21%

Distribution des résultats

Percentile par nombre de réponses

% des personnes avec chaque résultat

Votre développement - résultats

Vous n’avez pas pris ce quiz